Statistiques concernant Culture Générale - Série 1533

Cliquez ici pour prendre le quiz!

Statistiques générales

  • Ce quiz a été pris 78 fois
  • Le résultat moyen est 4 sur 10

Statistiques - réponses

QuestionRéponse% Correct
Quel écrivain français est l'auteur des romans : "Le Horla" et "Boule de suif" ?Guy de Maupassant
74%
Quelle marque de voitures a pour logo un cheval cabré ?Ferrari
73%
Dans un jeu de cartes traditionnel, à quelle couleur est associée la dame Rachel ?carreau
69%
Quel grand couturier a créé le parfum One Million en 2009 ?Paco Rabanne
39%
Quel romancier et dramaturge irlandais (initiales SB) est l'auteur de la pièce en un acte "Fin de partie" ?Samuel Beckett
36%
Au bord de quel lac la commune de Talloires-Montmin est-elle située ?lac d'Annecy
33%
Quel Etat des Etats-Unis tire son nom d'un élément chimique ?Californie
20%
Quel mot désigne un voilier et dans l'argot militaire, un soldat sur le point d'être libéré du service militaire ?quillard
14%
En informatique, quel mot désigne l'ensemble des règles de savoir-vivre en usage sur Internet ?nétiquette
9%
A Perpignan, sur la place du même nom, se trouve la statue de cet astronome, physicien et homme d'état français. Il s'agit de François Louis ...Arago
6%

Distribution des résultats

Percentile par nombre de réponses

% des personnes avec chaque résultat

Votre développement - résultats

Vous n’avez pas pris ce quiz